| 000 | 00698na a2200241 4500 | ||
|---|---|---|---|
| 001 | 18956 | ||
| 003 | MIRAKIL | ||
| 005 | 20181213155155.0 | ||
| 008 | 161205b tu 000 0 | ||
| 035 | _a18956 | ||
| 040 |
_aMilas _btur _cTR-AnCHP |
||
| 041 | _atur | ||
| 082 |
_a352.56211 _bA45 [1997] |
||
| 090 | _a352.56211 A45 [1997] | ||
| 245 |
_aAliağa Belediyesi _bÇalışma raporu 1996 _cAliağa Belediyesi |
||
| 246 | _aÇalışma raporu 1996 | ||
| 260 |
_aİzmir _bAliağa Belediyesi _c[1997] |
||
| 300 |
_a72 s. _c27 sm. |
||
| 610 |
_aAliağa Belediyesi _zİzmir |
||
| 650 |
_aYerel yönetimler _xRaporlar _zTürkiye |
||
| 650 |
_aBelediyecilik _xRaporlar _zTürkiye |
||
| 942 |
_2ddc _cBKS |
||
| 999 |
_c7970 _d7970 |
||